[Event "4NCL/Div4/3CS2 vs. BCA"]
[Site "West Bromwich ENG"]
[Date "2006.03.19"]
[Round "8.1"]
[White "Jaunooby, Ali Reza"]
[Black "Mordue, A Tyson"]
[Result "0-1"]
[WhiteElo "2160"]
[BlackElo "2225"]
[PlyCount "79"]
[EventDate "2006.03.19"]
[EventType "team"]
[EventRounds "11"]
[EventCountry "ENG"]
[SourceDate "2005.10.25"]

1. d4 Nf6 2. c4 g6 3. g3 Bg7 4. Bg2 O-O 5. Nc3 d6 6. e3 Nbd7 7. Nge2 e5 8. O-O
Re8 9. h3 e4 10. g4 h5 11. gxh5 Nxh5 12. Nxe4 Qh4 13. Nd2 Nf8 14. Nf3 Qe7 15.
Nc3 Be6 16. b3 c5 17. Re1 Rad8 18. Qc2 Qd7 19. Kh2 Nh7 20. Bd2 Bf5 21. Qb2 N5f6
22. Rad1 Qc8 23. Bc1 Ne4 24. Nh4 Nxc3 25. Qxc3 Be4 26. Rg1 Ng5 27. f3 Bc6 28.
Qc2 Bd7 29. dxc5 Bxh3 30. Rd5 Be5+ 31. f4 Qg4 32. Qf2 Bxg2 33. Rxg2 Qh3+ 34.
Kg1 Ne4 35. Qe1 Bf6 36. Rh2 Qg4+ 37. Kh1 Ng3+ 38. Kg2 Nf5+ 39. Kf1 Bxh4 40. Qe2
0-1

[Event "4NCL/Div4/3CS2 vs. BCA"]
[Site "West Bromwich ENG"]
[Date "2006.03.19"]
[Round "8.2"]
[White "Hilton, Steve"]
[Black "Firth, Malcolm"]
[Result "1/2-1/2"]
[WhiteElo "2045"]
[BlackElo "2130"]
[PlyCount "60"]
[EventDate "2006.03.19"]
[EventType "team"]
[EventRounds "11"]
[EventCountry "ENG"]
[SourceDate "2005.10.25"]

1. d4 Nf6 2. c4 e6 3. Nf3 d5 4. Nc3 c6 5. Bg5 h6 6. Bxf6 Qxf6 7. e3 Bd6 8. Bd3
Nd7 9. O-O Qd8 10. Rc1 O-O 11. Qc2 Nf6 12. Rfd1 Bd7 13. e4 dxe4 14. Nxe4 Nxe4
15. Bxe4 Qc7 16. Qe2 Rad8 17. Bb1 Bc8 18. a3 a5 19. g3 b6 20. c5 bxc5 21. dxc5
Be7 22. b4 Bf6 23. Qc2 g6 24. Nd2 axb4 25. axb4 e5 26. Ne4 Be7 27. Ba2 Bf5 28.
f3 Bg5 29. Rxd8 Rxd8 30. Rd1 Rxd1+ 1/2-1/2

[Event "4NCL/Div4/3CS2 vs. BCA"]
[Site "West Bromwich ENG"]
[Date "2006.03.19"]
[Round "8.3"]
[White "Tompson, John C"]
[Black "Armstrong, William G"]
[Result "1-0"]
[WhiteElo "2050"]
[BlackElo "1985"]
[PlyCount "77"]
[EventDate "2006.03.19"]
[EventType "team"]
[EventRounds "11"]
[EventCountry "ENG"]
[SourceDate "2005.10.25"]

1. e4 c5 2. Nc3 Nc6 3. Bb5 Nd4 4. Nf3 Nxb5 5. Nxb5 a6 6. Nc3 e6 7. d4 cxd4 8.
Qxd4 Ne7 9. Bf4 Nc6 10. Qd2 Bb4 11. a3 Qa5 12. Bd6 Bxc3 13. bxc3 f6 14. O-O Qh5
15. a4 Kf7 16. Rfe1 Re8 17. Qd3 Kg8 18. Re3 e5 19. Nd2 Re6 20. Nc4 Qe8 21. Nb6
Rb8 22. Bxb8 Nxb8 23. Qc4 Nc6 24. Rd1 Kh8 25. Red3 Re7 26. Nd5 Rf7 27. Nb6 Re7
28. Rd6 h6 29. Qc5 Rf7 30. Qc4 Re7 31. Qd5 Nb8 32. Qc5 Nc6 33. Nxc8 Qxc8 34.
Rxc6 Qxc6 35. Qxe7 Qxc3 36. Qxd7 Qxc2 37. Qg4 Qc3 38. Rd8+ Kh7 39. Qf5+ 1-0

[Event "4NCL/Div4/3CS2 vs. BCA"]
[Site "West Bromwich ENG"]
[Date "2006.03.19"]
[Round "8.4"]
[White "Burnell, Steve"]
[Black "Martin, Katie"]
[Result "1-0"]
[WhiteElo "1960"]
[BlackElo "2035"]
[PlyCount "73"]
[EventDate "2006.03.19"]
[EventType "team"]
[EventRounds "11"]
[EventCountry "ENG"]
[SourceDate "2005.10.25"]

1. d4 Nf6 2. c4 c5 3. d5 b5 4. Nf3 d6 5. a4 bxc4 6. Nc3 g6 7. e4 Bg7 8. Bxc4
Nbd7 9. O-O O-O 10. Re1 Ng4 11. h3 Nge5 12. Nxe5 Nxe5 13. Bf1 Qa5 14. Bd2 Qb6
15. a5 Qc7 16. f4 Nd7 17. Kh1 Rb8 18. Nb5 Qd8 19. Nxa7 Rxb2 20. Nc6 Qe8 21. Rb1
c4 22. Bxc4 Nc5 23. Rxb2 Bxb2 24. e5 dxe5 25. fxe5 Bb7 26. Qc2 Bxc6 27. Qxb2
Bxd5 28. Bxd5 Nd3 29. Qb6 Nxe1 30. Bxe1 Qa4 31. Bf3 Qa1 32. Qb4 Rc8 33. Kh2 Rc1
34. Bd2 Rh1+ 35. Kg3 Qxe5+ 36. Bf4 Qf6 37. Qb8+ 1-0

[Event "4NCL/Div4/3CS2 vs. BCA"]
[Site "West Bromwich ENG"]
[Date "2006.03.19"]
[Round "8.5"]
[White "Lysons, John"]
[Black "Wragg, Norman"]
[Result "1-0"]
[WhiteElo "1950"]
[BlackElo "1845"]
[PlyCount "109"]
[EventDate "2006.03.19"]
[EventType "team"]
[EventRounds "11"]
[EventCountry "ENG"]
[SourceDate "2005.10.25"]

1. Nf3 Nf6 2. c4 e6 3. Nc3 d5 4. d4 c6 5. cxd5 exd5 6. Bf4 Be7 7. h3 Nbd7 8. e3
Nf8 9. Bd3 Ne6 10. Be5 O-O 11. O-O g6 12. Rc1 Ng7 13. a3 Bf5 14. Be2 Nd7 15.
Bh2 a5 16. Re1 Nb6 17. Nd2 Re8 18. Nb3 Bd6 19. Bxd6 Qxd6 20. Nc5 Rab8 21. b4
axb4 22. axb4 Nd7 23. Ra1 Nxc5 24. bxc5 Qc7 25. Qb3 b5 26. cxb6 Rxb6 27. Qa3
Reb8 28. Rec1 Qd7 29. Na4 Rb3 30. Qc5 Rb1 31. Raxb1 Rxb1 32. Rxb1 Bxb1 33. Qb6
Bf5 34. Nc5 Qc8 35. Ba6 Qe8 36. Bb7 Be6 37. Bxc6 Qc8 38. Nxe6 fxe6 39. f3 Ne8
40. Qb7 Qxb7 41. Bxb7 Nd6 42. Bc6 Kf7 43. Kf2 Kf6 44. e4 dxe4 45. fxe4 g5 46.
e5+ Ke7 47. exd6+ Kxd6 48. Be4 h6 49. g4 Kc7 50. Ke3 Kd6 51. Kd3 Kc7 52. Bf3
Kd6 53. Ke4 Ke7 54. Ke5 Kf7 55. Be2 1-0

[Event "4NCL/Div4/3CS2 vs. BCA"]
[Site "West Bromwich ENG"]
[Date "2006.03.19"]
[Round "8.6"]
[White "Irving, Alastair"]
[Black "Compston, Michael"]
[Result "0-1"]
[WhiteElo "1545"]
[BlackElo "1895"]
[PlyCount "92"]
[EventDate "2006.03.19"]
[EventType "team"]
[EventRounds "11"]
[EventCountry "ENG"]
[SourceDate "2005.10.25"]

1. e4 d5 2. exd5 Qxd5 3. Nc3 Qa5 4. d4 c6 5. Nf3 Nf6 6. Ne5 Bf5 7. Bd3 Bg6 8.
O-O e6 9. Bf4 Qd8 10. Nf3 Nbd7 11. Qe2 Nb6 12. Rfd1 Nbd5 13. Nxd5 Nxd5 14. Bd2
Be7 15. c4 Nf6 16. b4 Bxd3 17. Qxd3 O-O 18. a4 Qc7 19. b5 c5 20. dxc5 Rfd8 21.
Qe2 Bxc5 22. Bg5 Rxd1+ 23. Rxd1 Ng4 24. Bh4 a6 25. Bg3 Qa5 26. h3 Nh6 27. Rd7
Nf5 28. Be5 Qxa4 29. Rxb7 Bd6 30. b6 Qc6 31. Bxd6 Qxb7 32. c5 Nxd6 33. cxd6
Qxb6 34. Qd3 Qb5 35. Qd4 Qd5 36. Qb6 g6 37. Qc7 a5 38. Qe7 h6 39. d7 Kg7 40.
Ne5 Qxe5 41. d8=Q Rxd8 42. Qxd8 Qa1+ 43. Kh2 a4 44. Qa5 a3 45. Kg3 a2 46. Kf4
Qc1+ 0-1

[Event "4NCL/Div4/WWKS2 vs. GUI5"]
[Site "West Bromwich ENG"]
[Date "2006.03.19"]
[Round "8.1"]
[White "Lloyd, Alan D"]
[Black "Hill, David F"]
[Result "1-0"]
[WhiteElo "2110"]
[BlackElo "2070"]
[PlyCount "64"]
[EventDate "2006.03.19"]
[EventType "team"]
[EventRounds "11"]
[EventCountry "ENG"]
[SourceDate "2005.10.25"]

1. c4 c6 2. g3 Nf6 3. Bg2 d5 4. d4 g6 5. Nf3 Bg7 6. O-O O-O 7. Nc3 Ne4 8. cxd5
Nxc3 9. bxc3 cxd5 10. Rb1 Nc6 11. Bg5 Qd7 12. Qb3 e6 13. Nd2 h6 14. Be3 b5 15.
Qxb5 Rb8 16. Qd3 Bb7 17. Bf4 Rbc8 18. Nb3 Qe7 19. e4 Rfe8 20. exd5 exd5 21. Nc5
Ba8 22. Qd2 g5 23. Rfe1 Qf8 24. Bxg5 hxg5 25. Qxg5 Qd6 26. Bxd5 Ne5 27. Bxa8
Rxa8 28. Qf4 Qd5 29. dxe5 Qxc5 30. Rb7 Qd5 31. Reb1 Rxe5 32. c4 Qc6 1-0

[Event "4NCL/Div4/WWKS2 vs. GUI5"]
[Site "West Bromwich ENG"]
[Date "2006.03.19"]
[Round "8.2"]
[White "Shepley, Julien M"]
[Black "Hunt, Malcolm A"]
[Result "1/2-1/2"]
[WhiteElo "2085"]
[BlackElo "2105"]
[PlyCount "87"]
[EventDate "2006.03.19"]
[EventType "team"]
[EventRounds "11"]
[EventCountry "ENG"]
[SourceDate "2005.10.25"]

1. d4 Nf6 2. c3 g6 3. Bg5 Bg7 4. Nd2 d5 5. e3 O-O 6. Bd3 c6 7. Ngf3 Bf5 8. Bxf5
gxf5 9. Qb3 Qb6 10. Qc2 e6 11. Bxf6 Bxf6 12. g4 fxg4 13. Rg1 Nd7 14. Rxg4+ Kh8
15. O-O-O Rg8 16. Rg3 Rg6 17. Rdg1 Rag8 18. Nf1 R8g7 19. h4 e5 20. Qf5 Rxg3 21.
Rxg3 Rxg3 22. Nxg3 exd4 23. exd4 Qd8 24. Ng5 Bxg5+ 25. hxg5 Qe7 26. Kd2 Qe6 27.
f4 Kg8 28. Qd3 Qg4 29. Qe3 Qe6 30. f5 Qxe3+ 31. Kxe3 f6 32. Kf4 Kf7 33. Nh5
fxg5+ 34. Kxg5 Nf6 35. Ng3 Ne4+ 36. Nxe4 dxe4 37. Kf4 h5 38. Kxe4 Kf6 39. Kf4
b5 40. a4 a6 41. axb5 axb5 42. b3 h4 43. c4 bxc4 44. bxc4 1/2-1/2

[Event "4NCL/Div4/WWKS2 vs. GUI5"]
[Site "West Bromwich ENG"]
[Date "2006.03.19"]
[Round "8.3"]
[White "Staniforth, John"]
[Black "Chai, Wei Koong"]
[Result "1/2-1/2"]
[WhiteElo "1950"]
[BlackElo "1955"]
[PlyCount "21"]
[EventDate "2006.03.19"]
[EventType "team"]
[EventRounds "11"]
[EventCountry "ENG"]
[SourceDate "2005.10.25"]

1. d4 d5 2. c4 c6 3. Nf3 Nf6 4. Nc3 a6 5. c5 Bf5 6. Nh4 Bg4 7. h3 Bh5 8. Bf4
Nbd7 9. Qb3 b6 10. cxb6 Qxb6 11. Qxb6 1/2-1/2

[Event "4NCL/Div4/WWKS2 vs. GUI5"]
[Site "West Bromwich ENG"]
[Date "2006.03.19"]
[Round "8.4"]
[White "Shaw, Matthew"]
[Black "Birch, Harvey"]
[Result "1-0"]
[WhiteElo "1815"]
[BlackElo "1755"]
[PlyCount "53"]
[EventDate "2006.03.19"]
[EventType "team"]
[EventRounds "11"]
[EventCountry "ENG"]
[SourceDate "2005.10.25"]

1. e4 e5 2. Nf3 Nc6 3. Bb5 Bc5 4. O-O Nf6 5. c3 O-O 6. Re1 d6 7. h3 Ne7 8. d4
exd4 9. cxd4 Bb4 10. Nc3 c6 11. Bd3 d5 12. e5 Nd7 13. Ng5 h6 14. Qh5 c5 15. e6
Nf6 16. exf7+ Kh8 17. Qh4 Nf5 18. Bxf5 Bxf5 19. Ne6 Bxe6 20. Rxe6 Rxf7 21. Be3
Bxc3 22. bxc3 c4 23. f3 Qa5 24. Bxh6 gxh6 25. Rxf6 Kg7 26. Qxh6+ Kg8 27. Rg6+
1-0

[Event "4NCL/Div4/WWKS2 vs. GUI5"]
[Site "West Bromwich ENG"]
[Date "2006.03.19"]
[Round "8.5"]
[White "Birch, Fay"]
[Black "Mills, Nigel"]
[Result "1-0"]
[WhiteElo "1670"]
[BlackElo "1705"]
[PlyCount "59"]
[EventDate "2006.03.19"]
[EventType "team"]
[EventRounds "11"]
[EventCountry "ENG"]
[SourceDate "2005.10.25"]

1. c4 Nf6 2. g3 g6 3. Bg2 Bg7 4. Nc3 d6 5. e4 O-O 6. Nge2 c6 7. O-O e5 8. d3
Nh5 9. f4 Bg4 10. Qc2 Qd7 11. Be3 a5 12. Rab1 Na6 13. a3 Rae8 14. Qd2 Bh3 15.
f5 Bxg2 16. Kxg2 Kh8 17. Bh6 f6 18. Bxg7+ Qxg7 19. Rf3 gxf5 20. Rxf5 Qg6 21.
Kh1 Re7 22. d4 exd4 23. Qxd4 Re5 24. Qxd6 Qe8 25. Rbf1 Re6 26. Qd4 Kg7 27. g4
c5 28. Qe3 Rxe4 29. Qxe4 Qxe4+ 30. Nxe4 1-0

[Event "4NCL/Div4/RICB vs. CELT"]
[Site "West Bromwich ENG"]
[Date "2006.03.19"]
[Round "8.1"]
[White "O'Toole, George E"]
[Black "Thomas, Robert K"]
[Result "1/2-1/2"]
[WhiteElo "2060"]
[BlackElo "2140"]
[PlyCount "150"]
[EventDate "2006.03.19"]
[EventType "team"]
[EventRounds "11"]
[EventCountry "ENG"]
[SourceDate "2005.10.25"]

1. e4 e6 2. d4 d5 3. e5 c5 4. c3 Qb6 5. Nf3 Bd7 6. a3 a5 7. c4 dxc4 8. Bxc4
cxd4 9. O-O Nc6 10. Nbd2 Nge7 11. Nb3 Ng6 12. Re1 Rc8 13. Bd3 a4 14. Bxg6 hxg6
15. Nbxd4 Nxd4 16. Nxd4 Bc5 17. Be3 Rh5 18. b4 axb3 19. Nxb3 Ba4 20. Rb1 Bxe3
21. Rxe3 Rd8 22. Qg4 Bc6 23. Nd2 Qc5 24. Ne4 Qxe5 25. Ng3 Rg5 26. Qe2 Qd6 27.
Re1 Ra5 28. Qa2 Bd5 29. Qb2 Kf8 30. Rd3 Ra4 31. Red1 Rda8 32. Qxb7 Rxa3 33.
Rxa3 Qxa3 34. Qc7 Qa6 35. Qf4 Qb7 36. Qg5 Kg8 37. Ne2 Rc8 38. Nf4 Qb3 39. Rf1
Ba8 40. h4 Qc4 41. h5 gxh5 42. Nxh5 Qc3 43. Kh2 g6 44. Nf6+ Kg7 45. Nh5+ Kf8
46. Qh6+ Ke8 47. Nf4 Qf6 48. Nd3 Ke7 49. Qe3 Rh8+ 50. Kg1 Kf8 51. Rc1 Kg7 52.
Qe5 Rd8 53. Rc3 Be4 54. Qxf6+ Kxf6 55. Nc5 Rd1+ 56. Kh2 Bd5 57. Kg3 g5 58. Rd3
Rxd3+ 59. Nxd3 e5 60. f3 Bc4 61. Nc5 Bb5 62. Kf2 Bc6 63. Nd3 Ke6 64. Ke3 f5 65.
g3 Bb5 66. Nf2 Bf1 67. Nd1 Kd6 68. f4 exf4+ 69. gxf4 g4 70. Kf2 Bd3 71. Ne3 Ke6
72. Kg3 Be2 73. Kf2 Bf3 74. Kg3 Kf6 75. Kh4 Be2 1/2-1/2

[Event "4NCL/Div4/RICB vs. CELT"]
[Site "West Bromwich ENG"]
[Date "2006.03.19"]
[Round "8.2"]
[White "Young, Alan"]
[Black "Giles, Benjamin"]
[Result "1-0"]
[WhiteElo "2034"]
[BlackElo "2010"]
[PlyCount "79"]
[EventDate "2006.03.19"]
[EventType "team"]
[EventRounds "11"]
[EventCountry "ENG"]
[SourceDate "2005.10.25"]

1. e4 d5 2. exd5 Nf6 3. Nf3 Nxd5 4. d4 g6 5. c4 Nb6 6. Nc3 Bg7 7. c5 Nd5 8. Bc4
Nxc3 9. bxc3 O-O 10. O-O b6 11. Qb3 Nc6 12. Ng5 Qe8 13. Bd5 Bb7 14. Qa3 e6 15.
Re1 Nxd4 16. Bxb7 Nc2 17. Qa6 Nxe1 18. Qe2 Bxc3 19. Rb1 Rd8 20. Ne4 Bg7 21.
Qxe1 Qa4 22. Bg5 Rd4 23. Be7 Rb8 24. Bf6 Rxb7 25. Bxd4 Qxd4 26. Rd1 Qe5 27.
Rd8+ Bf8 28. c6 Rb8 29. Rxb8 f5 30. g3 Kg7 31. Qc3 Bd6 32. Qxe5+ Bxe5 33. Ng5
Kf6 34. f4 Bd4+ 35. Kf1 Ke7 36. Rb7 Kd6 37. Rxa7 Kxc6 38. Nxe6 Be3 39. Rxc7+
Kd6 40. Rc3 1-0

[Event "4NCL/Div4/RICB vs. CELT"]
[Site "West Bromwich ENG"]
[Date "2006.03.19"]
[Round "8.3"]
[White "Gaudeau, Valentin"]
[Black "Spencer, Douglas"]
[Result "0-1"]
[WhiteElo "1885"]
[BlackElo "1902"]
[PlyCount "104"]
[EventDate "2006.03.19"]
[EventType "team"]
[EventRounds "11"]
[EventCountry "ENG"]
[SourceDate "2005.10.25"]

1. e4 g6 2. d4 Bg7 3. Nc3 d5 4. Be3 dxe4 5. Nxe4 Nd7 6. Bc4 Nb6 7. Bb3 Nd5 8.
Nf3 Ngf6 9. Nxf6+ Nxf6 10. Ne5 O-O 11. O-O c6 12. Qf3 a5 13. Rad1 a4 14. Bc4
Nd5 15. a3 e6 16. Rfe1 Qc7 17. Ng4 h5 18. Ne5 Nxe3 19. Rxe3 Ra5 20. Qe4 Rd8 21.
Nxg6 fxg6 22. Qxg6 Qf7 23. Rxe6 Qxg6 24. Rxg6+ Kh7 25. Bd3 Kh8 26. c3 Re8 27.
f3 Rd5 28. Kf2 Bf5 29. Rg5 Bxd3 30. Rxd5 Re2+ 31. Kg3 cxd5 32. Rxd3 Rxb2 33.
Re3 Rb3 34. Re7 Rxa3 35. Rxb7 Rxc3 36. Kf4 Bxd4 37. Rb4 Rc4 38. Rb8+ Kg7 39.
Kg5 Bf6+ 40. Kf5 Be7 41. Ke6 a3 42. Kxe7 Ra4 43. Rb1 a2 44. Ra1 d4 45. f4 d3
46. f5 Ra7+ 47. Ke6 d2 48. f6+ Kg6 49. f7 Rxf7 50. h3 Ra7 51. g4 hxg4 52. Rg1
a1=Q 0-1

[Event "4NCL/Div4/RICB vs. CELT"]
[Site "West Bromwich ENG"]
[Date "2006.03.19"]
[Round "8.4"]
[White "Evans, Craig"]
[Black "Schlesinger, Noah W"]
[Result "0-1"]
[WhiteElo "1954"]
[BlackElo "1865"]
[PlyCount "44"]
[EventDate "2006.03.19"]
[EventType "team"]
[EventRounds "11"]
[EventCountry "ENG"]
[SourceDate "2005.10.25"]

1. e4 e6 2. b3 d5 3. Bb2 Nf6 4. exd5 exd5 5. Nc3 c6 6. Bd3 Bd6 7. Qe2+ Be6 8.
O-O-O O-O 9. f3 Qa5 10. Qf2 c5 11. Qh4 h6 12. g4 c4 13. g5 hxg5 14. Qxg5 Ba3
15. Ne4 Bxb2+ 16. Kxb2 Nh7 17. Nf6+ Nxf6 18. Ne2 cxd3 19. Rdg1 Ne8 20. Qh6 Qc7
21. Nf4 Qe5+ 22. c3 Qf6 0-1

[Event "4NCL/Div4/RICB vs. CELT"]
[Site "West Bromwich ENG"]
[Date "2006.03.19"]
[Round "8.5"]
[White "Graham, Louis"]
[Black "Kitchen, Peter J"]
[Result "1/2-1/2"]
[WhiteElo "1900"]
[BlackElo "1716"]
[PlyCount "83"]
[EventDate "2006.03.19"]
[EventType "team"]
[EventRounds "11"]
[EventCountry "ENG"]
[SourceDate "2005.10.25"]

1. d4 e6 2. Nf3 d5 3. Bf4 Nf6 4. e3 Be7 5. Bd3 O-O 6. Ne5 c5 7. c3 a6 8. Qf3 b5
9. g4 c4 10. Bc2 Bb7 11. Nd2 Nbd7 12. g5 Nxe5 13. Bxe5 Ne4 14. Nxe4 dxe4 15.
Bxe4 Bxe4 16. Qxe4 Bxg5 17. h4 Bf6 18. Rg1 Qe7 19. O-O-O Rad8 20. Bf4 Rd5 21.
Rg2 Rc8 22. Qf3 Rd7 23. Rdg1 g6 24. h5 e5 25. hxg6 fxg6 26. dxe5 Bxe5 27. Qh5
Bg7 28. Qh3 Rcd8 29. f3 b4 30. Bg5 Bf6 31. Bxf6 Qxf6 32. Qg4 bxc3 33. Qxc4+ Kg7
34. Qxc3 Qxc3+ 35. bxc3 Rd3 36. Re1 Rxc3+ 37. Rc2 Rdd3 38. Rxc3 Rxc3+ 39. Kb2
Rd3 40. Kc2 Ra3 41. Kb2 Rd3 42. Kc2 1/2-1/2

[Event "4NCL/Div4/RICB vs. CELT"]
[Site "West Bromwich ENG"]
[Date "2006.03.19"]
[Round "8.6"]
[White "Larter, Nick"]
[Black "Davda, Rahil P"]
[Result "1-0"]
[WhiteElo "1600"]
[BlackElo "1825"]
[PlyCount "65"]
[EventDate "2006.03.19"]
[EventType "team"]
[EventRounds "11"]
[EventCountry "ENG"]
[SourceDate "2005.10.25"]

1. e4 c5 2. c4 Nc6 3. Nc3 d6 4. g3 Nf6 5. Bg2 g6 6. Nge2 Bg7 7. O-O O-O 8. d3
e6 9. Rb1 Ne7 10. h3 d5 11. e5 Ne8 12. f4 f6 13. cxd5 exd5 14. Qb3 Nc7 15. exf6
Bxf6 16. Ne4 Ne6 17. Nxf6+ Rxf6 18. Kh2 b6 19. Qc3 Rf7 20. b4 Ba6 21. Bb2 Ng7
22. bxc5 bxc5 23. Qa3 Qd6 24. Be5 Qe6 25. Rfe1 Ngf5 26. Ng1 Qc6 27. Nf3 Qc8 28.
Ng5 Rf8 29. Bd6 Nxd6 30. Rxe7 Qc6 31. Rxh7 Nf7 32. Qb2 Ne5 33. Qxe5 1-0

[Event "4NCL/Div4/PONTY vs. ADD"]
[Site "West Bromwich ENG"]
[Date "2006.03.19"]
[Round "8.1"]
[White "White, Ian G"]
[Black "Hamilton, Robert"]
[Result "1/2-1/2"]
[WhiteElo "2029"]
[BlackElo "2025"]
[PlyCount "56"]
[EventDate "2006.03.19"]
[EventType "team"]
[EventRounds "11"]
[EventCountry "ENG"]
[SourceDate "2005.10.25"]

1. e4 c5 2. c3 d5 3. exd5 Qxd5 4. d4 cxd4 5. cxd4 Nc6 6. Nc3 Qxd4 7. Qxd4 Nxd4
8. Nb5 Nc2+ 9. Kd1 Nxa1 10. Nc7+ Kd8 11. Nxa8 e5 12. Be3 b6 13. Nf3 Bd6 14. Bb5
Bf5 15. Ba4 f6 16. Kc1 Ne7 17. Rd1 Nc8 18. Nh4 Be4 19. Nxb6 axb6 20. f3 Bg6 21.
Nxg6 hxg6 22. h3 Rh4 23. Bb5 Rb4 24. Ba6 Ke7 25. Bxc8 Rc4+ 26. Kd2 Nc2 27. Bb7
Nxe3 28. Kxe3 f5 1/2-1/2

[Event "4NCL/Div4/PONTY vs. ADD"]
[Site "West Bromwich ENG"]
[Date "2006.03.19"]
[Round "8.2"]
[White "Dupré, Paul D"]
[Black "Taylor, Robert G"]
[Result "1/2-1/2"]
[WhiteElo "2050"]
[BlackElo "2002"]
[PlyCount "102"]
[EventDate "2006.03.19"]
[EventType "team"]
[EventRounds "11"]
[EventCountry "ENG"]
[SourceDate "2005.10.25"]

1. d4 Nf6 2. c4 g6 3. Nc3 Bg7 4. e4 d6 5. Be2 O-O 6. Be3 e5 7. d5 c6 8. g4 cxd5
9. cxd5 Qa5 10. Kf1 Nbd7 11. g5 Ne8 12. Nf3 Nc5 13. a3 Bh3+ 14. Kg1 Qd8 15. b4
Nd7 16. Qd3 f5 17. gxf6 Bxf6 18. Bh6 Bg7 19. Bxg7 Nxg7 20. Ne1 Qh4 21. Qg3 Qh6
22. Nf3 Rac8 23. Nd1 Nf6 24. Qg5 Qxg5+ 25. Nxg5 Bd7 26. Bd3 Nfh5 27. h4 Nf4 28.
Bf1 h6 29. Nf3 Ngh5 30. Nd2 b5 31. Ne3 Nf6 32. a4 bxa4 33. b5 Rc5 34. Rxa4 Bxb5
35. Bxb5 Rxb5 36. Kh2 Rb2 37. Nec4 Rc2 38. Rxa7 Nd3 39. Rg1 Nf4 40. f3 Rc8 41.
Kh1 Rb8 42. Rga1 g5 43. hxg5 hxg5 44. Ra8 Rxa8 45. Rxa8+ Kg7 46. Kh2 g4 47. Kg3
gxf3 48. Kxf3 Rc3+ 49. Ne3 Ng2 50. Ndc4 Nxe3 51. Nxe3 Kf7 1/2-1/2

[Event "4NCL/Div4/PONTY vs. ADD"]
[Site "West Bromwich ENG"]
[Date "2006.03.19"]
[Round "8.3"]
[White "Robinson, David"]
[Black "Waldock, Adrian"]
[Result "1-0"]
[WhiteElo "2024"]
[BlackElo "1885"]
[PlyCount "43"]
[EventDate "2006.03.19"]
[EventType "team"]
[EventRounds "11"]
[EventCountry "ENG"]
[SourceDate "2005.10.25"]

1. e4 c6 2. d4 d5 3. Nc3 dxe4 4. f3 e3 5. Bxe3 Bf5 6. Bc4 e6 7. Nge2 Nf6 8. Ng3
Bg6 9. O-O Nbd7 10. Qd2 Nb6 11. Bb3 Bd6 12. Nge4 Nbd5 13. Nxd6+ Qxd6 14. Bg5
O-O-O 15. Nxd5 cxd5 16. Bf4 Qb6 17. Rac1 Rd7 18. Ba4 Re7 19. Rfe1 Kd8 20. c4
dxc4 21. Rxc4 Nd5 22. Rec1 1-0

[Event "4NCL/Div4/PONTY vs. ADD"]
[Site "West Bromwich ENG"]
[Date "2006.03.19"]
[Round "8.4"]
[White "Klein, Cornelia"]
[Black "Davies, Peter L"]
[Result "1/2-1/2"]
[WhiteElo "1905"]
[BlackElo "1929"]
[PlyCount "55"]
[EventDate "2006.03.19"]
[EventType "team"]
[EventRounds "11"]
[EventCountry "ENG"]
[SourceDate "2005.10.25"]

1. e4 c5 2. c3 g6 3. d4 cxd4 4. cxd4 d5 5. Nc3 dxe4 6. Nxe4 Bg7 7. Be3 Nc6 8.
Bb5 Nf6 9. Nc3 O-O 10. h3 Nd5 11. Nf3 Nxc3 12. bxc3 Qa5 13. Qb3 Be6 14. Bc4
Bxc4 15. Qxc4 Rac8 16. Qb3 e5 17. O-O Qc7 18. Rac1 Na5 19. Qd1 Nc4 20. Nd2 b5
21. Nb3 Rfd8 22. Qe2 Qe7 23. Rfe1 b4 24. dxe5 Qxe5 25. cxb4 Nxe3 26. Rxc8 Rxc8
27. Qxe3 Qxe3 28. Rxe3 1/2-1/2

[Event "4NCL/Div4/PONTY vs. ADD"]
[Site "West Bromwich ENG"]
[Date "2006.03.19"]
[Round "8.5"]
[White "Lobo, Richard"]
[Black "Burgess, Thomas"]
[Result "1-0"]
[WhiteElo "1945"]
[BlackElo "1820"]
[PlyCount "91"]
[EventDate "2006.03.19"]
[EventType "team"]
[EventRounds "11"]
[EventCountry "ENG"]
[SourceDate "2005.10.25"]

1. e4 e5 2. f4 d5 3. exd5 e4 4. Nc3 Nf6 5. d3 Bb4 6. Bd2 e3 7. Bxe3 O-O 8. Bd2
Re8+ 9. Nce2 Bxd2+ 10. Qxd2 Nxd5 11. O-O-O Ne3 12. Re1 Nxf1 13. Rxf1 Nc6 14.
Nf3 Bg4 15. h3 Bxf3 16. Rxf3 Rxe2 17. Qxe2 Nd4 18. Qe4 Nxf3 19. Qxf3 c6 20. Re1
Qa5 21. Qe4 g6 22. a3 Qb6 23. Qe3 Qxe3+ 24. Rxe3 Kf8 25. Kd2 Rd8 26. Kc3 f6 27.
Re4 Rd7 28. Ra4 b6 29. Re4 Kf7 30. Rc4 c5 31. b4 Rc7 32. bxc5 bxc5 33. Re4 Rb7
34. Kc4 Rb2 35. Re2 Ra2 36. Kxc5 Rxa3 37. d4 Ra5+ 38. Kd6 Ra6+ 39. Kd7 Rb6 40.
d5 Rb5 41. d6 Rc5 42. Kd8 a5 43. Re7+ Kf8 44. Rc7 Rd5 45. d7 Kf7 46. Kc8 1-0

[Event "4NCL/Div4/CHED vs. ATH1"]
[Site "West Bromwich ENG"]
[Date "2006.03.19"]
[Round "8.1"]
[White "Bellin, Robert"]
[Black "van Voorthuijsen, Pieter W"]
[Result "1/2-1/2"]
[WhiteElo "2376"]
[BlackElo "2220"]
[PlyCount "26"]
[EventDate "2006.03.19"]
[EventType "team"]
[EventRounds "11"]
[EventCountry "ENG"]
[SourceDate "2005.10.25"]

1. e4 c5 2. Nf3 Nc6 3. Bb5 g6 4. Bxc6 dxc6 5. d3 Bg7 6. h3 Nf6 7. Nc3 Nd7 8.
Be3 e5 9. Qd2 h6 10. Ne2 Qe7 11. Qc3 f5 12. Qa3 O-O 13. O-O-O a5 1/2-1/2

[Event "4NCL/Div4/CHED vs. ATH1"]
[Site "West Bromwich ENG"]
[Date "2006.03.19"]
[Round "8.2"]
[White "Spreeuw, Jaap"]
[Black "Wallace, Paul"]
[Result "1/2-1/2"]
[WhiteElo "2180"]
[BlackElo "2235"]
[PlyCount "60"]
[EventDate "2006.03.19"]
[EventType "team"]
[EventRounds "11"]
[EventCountry "ENG"]
[SourceDate "2005.10.25"]

1. Nf3 g6 2. e4 Bg7 3. d4 c5 4. d5 d6 5. Be2 Nf6 6. Nc3 O-O 7. O-O b6 8. a4 Na6
9. Bf4 Nc7 10. Qd2 a6 11. Rfd1 Bb7 12. Bh6 b5 13. Bxg7 Kxg7 14. Qf4 b4 15. Nb1
e6 16. c4 bxc3 17. Nxc3 exd5 18. exd5 Ncxd5 19. Qc4 Re8 20. Bf1 Nb6 21. Qf4 d5
22. a5 Nbd7 23. b4 d4 24. Ne2 Nd5 25. Qd2 Nxb4 26. Nfxd4 Qf6 27. Nb3 Nd5 28.
Rac1 Rac8 29. Nc3 Nxc3 30. Rxc3 Rc7 1/2-1/2

[Event "4NCL/Div4/CHED vs. ATH1"]
[Site "West Bromwich ENG"]
[Date "2006.03.19"]
[Round "8.3"]
[White "Briggs, Philip J"]
[Black "Roberts, Paul"]
[Result "1/2-1/2"]
[WhiteElo "2170"]
[BlackElo "2200"]
[PlyCount "37"]
[EventDate "2006.03.19"]
[EventType "team"]
[EventRounds "11"]
[EventCountry "ENG"]
[SourceDate "2005.10.25"]

1. e4 e5 2. Nf3 Nc6 3. Nc3 Nf6 4. Bb5 d6 5. d4 exd4 6. Nxd4 Bd7 7. O-O Be7 8.
Be3 O-O 9. f3 a6 10. Be2 Nxd4 11. Qxd4 c5 12. Qd2 Be6 13. Rad1 b5 14. Qe1 Qc7
15. f4 b4 16. Nd5 Nxd5 17. exd5 Bf5 18. Qd2 Bf6 19. g4 1/2-1/2

[Event "4NCL/Div4/CHED vs. ATH1"]
[Site "West Bromwich ENG"]
[Date "2006.03.19"]
[Round "8.4"]
[White "Pedersen, Carsten"]
[Black "Acey, Gerald"]
[Result "0-1"]
[WhiteElo "2195"]
[BlackElo "2140"]
[PlyCount "42"]
[EventDate "2006.03.19"]
[EventType "team"]
[EventRounds "11"]
[EventCountry "ENG"]
[SourceDate "2005.10.25"]

1. e4 g6 2. Bc4 Bg7 3. Qf3 e6 4. Nc3 d6 5. d3 Ne7 6. Bg5 Nd7 7. Qg3 h6 8. Bd2
a6 9. a4 b6 10. Nge2 Bb7 11. O-O Nf6 12. Bb3 O-O 13. Qh3 Kh7 14. Ng3 e5 15. f4
exf4 16. Bxf4 Bc8 17. Qh4 Ng4 18. h3 Bf6 19. Qxg4 Bxg4 20. hxg4 Bd4+ 21. Kh1
Nd5 0-1